LEADER 01181nam a2200289 u 4500 001 000000087954 003 CaOOAMICUS 005 20070226124448.0 008 051021s1956 it u000 u ita u 035 $a11065252 040 $aPUL(R)$bita 100 1 $aRossi, Elvira.$0(OLS)http://pul/name/57299 245 10$aVangelo e scuola /$cE. Rossi ; presentazione di Gesualdo Nosengo ; introduzione di S. E. Mons. Carlo Rossi. 250 $a2. ed. 260 $aBrescia :$b"La scuola,$c1956. 300 $a90 p. ;$c21 cm 650 4$aCatechesi.$0(OLS)http://pul/subject/4492 650 4$aReligione$xInsegnamento.$0(OLS)http://pul/subject/25750 700 1 $aRossi, Carlo.$0(OLS)http://pul/name/57300 700 1 $aNosengo, Gesualdo,$d1906-1968.$0(OLS)http://pul/name/13883 850 $aPUL 852 $aPUL$W1$xDP1 Fondo Pastorale$y55$mP3 D 11$j111467$nBK-PRI$b $qFondi$B111467$CPULBib$Z2$F111467 $HPUL328 $81 941 1 $a1 960 $aInsegnamento religioso$925750 960 $aInsegnamento religioso$925750 996 $6245$aVangelo e scuola$9(OLS)http://pul/title/113735 996 $6260$aBrescia :$b"La scuola$9(OLS)http://pul/publisher/77801 LEADER 01422nam a2200349 u 4500 001 000000060376 003 CaOOAMICUS 005 20070226120914.0 008 010720s1993 it u000 u ita u 020 $a8837215185 035 $a10897972 040 $aPUL(R)$bita 100 1 $aGuardini, Romano,$csacerdote,$d1885-1968.$0(OLS)http://pul/name/10232 240 10$aWeihnachten und Neues Jahr.$lItaliano.$0(OLS)http://pul/title/80718 245 10$aNatale e Capodanno :$bpensieri per far chiarezza /$cRomano Guardini. 260 $aBrescia :$bMorcelliana,$c1993. 300 $a53 p. ;$c23 cm 490 1 $aOpere di Romano Guardini 504 $aBibliografia in nota. 600 04$aIesus Christus.$0(OLS)http://pul/subject/207 650 4$aAnno liturgico.$0(OLS)http://pul/subject/12025 830 0$aOpere di Romano Guardini.$0(OLS)http://pul/title/35127 850 $aPUL 852 $aPUL$W1$xSL Religione 2$y84$mTheol D3 3.27$j78684$nBK-PRI$b $qStampati altre collocazioni$B78684$CPULBib$Z2$F78684 $H $81 941 1 $a10 960 $aCristologia$9207 960 $aCristologia$9207 960 $aGesł Cristo$9207 961 $aINV: 70764 996 $6020$a8837215185$9(OLS)http://pul/number/77676 996 $6245$aNatale e Capodanno :$bpensieri per far chiarezza$9(OLS)http://pul/title/80719 996 $6260$aBrescia :$bMorcelliana$9(OLS)http://pul/publisher/47854